000 00825cam a2200253 4500
008 090401t1990 xxu||||| |||| 00| 0 eng d
020 _a0442264178
035 _a(Sirsi) u71342
041 _aeng
050 _a690.23
100 _aRuegg, Rosalie T
245 _aBuilding economics: theory and practice.
260 _aNew York
_bVan Nostrand Reinhold
_c1990
300 _axv,486p. ; 23cm.
350 _a43
520 _aAn American book, which aims to show how to lower costs and increase profits by applying economic evaluation methods and risk analysis techniques to buildings throughout their life cycle.
650 _aBUILDING ECONOMICS
650 _aRISK ANALYSIS
650 _aSENSITIVITY ANALYSIS
690 _aBUILT ENVIRONMENT
700 _aMarshall, Harold E
942 _n0
948 _c04/03/1997
999 _c95405
_d95405